000 01135nam a22002537a 4500
001 6822
003 FISKH
005 20250529142827.0
008 250529b cb ||||| |||| 00| 0 eng d
020 _a9780194315890
040 _aFISKH
_beng
_cFISKH
_dFISKH
050 _aPE1628
082 _a423
100 _aOxford
245 _aOxford learner's pocket dictionary :
_bNew edition /
_cBy Oxford
250 _aFirst published 2003
260 _aNew York :
_bOxford University Press ,
_c2003.
300 _a508 pages :
_billustrations ;
_c16 cm .
520 _aThe Oxford Learner's Pocket Dictionary makes it easy for students to find what they want to know. The Oxford 3000(TM) keywords show the most frequent and the most useful words students need to know at this level. As well as meanings, there are thousands of examples which show how to use words, and grammar patterns to show how to avoid mistakes. It is really handy for exam revision and as a quickreference guide to English vocabulary.
650 _aEnglish Dictionary
_vNon-fiction
650 _aMultiples
_vNon-fiction
942 _2ddc
_cBK
_n0
999 _c6822
_d6822